| 000 | 00748nmm a22002177a 4500 | ||
|---|---|---|---|
| 005 | 20251029063845.0 | ||
| 008 | 120124t2022 ag ||||| |||| 00| 0 spa d | ||
| 040 | _aAR-MoUNM | ||
| 110 | 2 |
_aUniversidad Nacional de Moreno _92214 |
|
| 245 | 1 | 0 |
_aPrograma de la asignatura Física (240014) / _cUniversidad Nacional de Moreno. |
| 300 |
_a6 p. ; _c30 cm. |
||
| 490 | 0 | _aCarrera Diseño en Comunicación Visual | |
| 490 | 0 | _aÁrea: Física | |
| 490 | 0 | _aCiclo Común Introductorio | |
| 490 | 0 | _aResolución UNM-CS N° 954/22. | |
| 610 | 2 | 0 |
_aUniversidad Nacional de Moreno _92214 |
| 653 | _aPROGRAMA DE MATERIA | ||
| 700 | 1 |
_924490 _aCabezón, Mariano Pablo. |
|
| 830 | 0 |
_923461 _aCarrera: Diseño en comunicación visual |
|
| 942 | _cENLACESWEB | ||
| 999 |
_c18221 _d18222 |
||